00768nam a2200217 a 450000100100000000500170001000800410002704000250006808200160009310000270010924500760013626000620021230000180027449000310029250000370032350000300036050400320039050500670042270000300048983000310051900003503420200930074048.0111024s1969 ag 000 0 spa d aDO-SdBNPbspacBNPHU axxxxbR484a1 aRibeiro, Darcy,d1922-14aLas américa y la civilización. /cDarcy Ribeiro ; Renzo Pi Hugarte. aBuenos Aires :bCentro Editor de América Latina,c1969. av.. ;c20 cm.1 aCuadernos Latinoamericanos aLa biblioteca posee el volumen 1 aTraducido del portugués aBibliografía : p. 254-2790 aLa civilización occidental y nosotros los pueblos testimonio1 aPi Hugarte, Renzo,d1934- 0aCuadernos Latinoamericanos